| 000 | 00911nam a22002177a 4500 | ||
|---|---|---|---|
| 999 |
_c2742 _d2742 |
||
| 003 | OSt | ||
| 005 | 20210719084336.0 | ||
| 008 | 890516s1988 sz i000 0 eng | ||
| 020 | _a924156122X | ||
| 040 | _cALUPE UNIVERSITY | ||
| 050 | 0 | 0 |
_aRA410 _b.E3 1988 |
| 245 | 0 | 0 | _aEconomic support for national health for all strategies. |
| 260 |
_aGeneva : _bWorld Health Organization ; _aAlbany, NY : _bWHO Publications Center USA [distributor], _c1988. |
||
| 300 |
_a141 p. ; _c24 cm. |
||
| 500 | _a"Contains the background document and recommendations resulting from the technical discussions at the fortieth World Health Assembly in May 1987"--P. 4 of cover. | ||
| 504 | _aIncludes bibliographical references (p. 131-136). | ||
| 711 | 2 |
_n(40th : _d1987 : |
|
| 906 |
_a7 _bcbc _corignew _d2 _encip _f19 _gy-gencatlg |
||
| 942 |
_2lcc _cBK _nPW |
||